书目信息 |
| 题名: |
黑线
|
|
| 作者: | 奥贝尔, 著 ;郭玉梅 译 | |
| 分册: | ||
| 出版信息: | 重庆 重庆出版社 2002.08 |
|
| 页数: | 190页 | |
| 开本: | 20cm | |
| 丛书名: | 法国著名侦探小说译丛 | |
| 单 册: | ||
| 中图分类: | I565.45 | |
| 科图分类: | ||
| 主题词: | 长篇小说--chang pian xiao shuo--法国--现代 , 侦探小说--zhen tan xiao shuo--法国--现代 | |
| 电子资源: | ||
| ISBN: | 7-5366-5760-9 | |
| 000 | 01180nam 2200289 450 | |
| 001 | 012008421609 | |
| 005 | 20080318143105.43 | |
| 010 | @a7-5366-5760-9@dCNY10.00 | |
| 100 | @a20080316d2002 km y0chiy0120 ea | |
| 101 | 1 | @achi@cfre |
| 102 | @aCN@b510000 | |
| 105 | @ay z 000ay | |
| 106 | @ar | |
| 200 | 1 | @a黑线@Ahei xian@d= Le couturier de la mort@f(法) 布丽吉特·奥贝尔著@F(fa)bu li ji te·ao bei er zhu@fBrigitte Aubert@g郭玉梅译@Gguo yu mei yi@zfre |
| 210 | @a重庆@c重庆出版社@d2002.08 | |
| 215 | @a190页@d20cm | |
| 225 | 2 | @a法国著名侦探小说译丛@Afa guo zhu ming zhen tan xiao shuo yi cong |
| 330 | @a故事发生在蓝色海岸的一个小城里,大街角落发现一具被缝合的尸体,一个金发女郎的脑袋被缝在一个男人的躯干上,而两只长满老年斑,满是皱纹的胳膊却是另一个流浪汉的。 | |
| 410 | 0 | @12001 @a法国著名侦探小说译丛 |
| 510 | 1 | @aLe couturier de la mort@zfre |
| 606 | 0 | @a长篇小说@Achang pian xiao shuo@y法国@z现代 |
| 606 | 0 | @a侦探小说@Azhen tan xiao shuo@y法国@z现代 |
| 690 | @aI565.45@v4 | |
| 701 | 1 | @a奥贝尔,@Aao bei er,@bB.@g(Aubert, Brigitte),@f1956-@4著 |
| 702 | 0 | @a郭玉梅@Aguo yu mei@4译 |
| 801 | 0 | @aCN@bQSSK@c20080318 |
| 905 | @b20284966-69@dI565.45@eA759@f4 | |
| 黑线= Le couturier de la mort/(法) 布丽吉特·奥贝尔著/Brigitte Aubert/郭玉梅译.-重庆:重庆出版社,2002.08 |
| 190页;20cm.-(法国著名侦探小说译丛) |
| ISBN 7-5366-5760-9:CNY10.00 |
| 故事发生在蓝色海岸的一个小城里,大街角落发现一具被缝合的尸体,一个金发女郎的脑袋被缝在一个男人的躯干上,而两只长满老年斑,满是皱纹的胳膊却是另一个流浪汉的。 |
| ● |
| 相关链接 |
|
|
|
正题名:黑线
索取号:I565.45/A759
 
预约/预借
| 序号 | 登录号 | 条形码 | 馆藏地/架位号 | 状态 | 备注 |
| 1 | 284966 | 202849668 | 社科二线400B/108文学库 65排11列2层/ [索取号:I565.45/A759] | 在馆 | |
| 2 | 284967 | 202849677 | 社科二线400B/400B社科库 4排4列4层/ [索取号:I565.45/A759] | 在馆 | |
| 3 | 284968 | 202849686 | 文学库116/116文学库 24排1列5层/ [索取号:I565.45/A759] | 在馆 | |
| 4 | 284969 | 202849695 | 文学库116/116文学库 24排1列5层/ [索取号:I565.45/A759] | 在馆 |